<?xml version="1.0" encoding="UTF-8"?>
<record
    xmlns:xsi="http://www.w3.org/2001/XMLSchema-instance"
    xsi:schemaLocation="http://www.loc.gov/MARC21/slim http://www.loc.gov/standards/marcxml/schema/MARC21slim.xsd"
    xmlns="http://www.loc.gov/MARC21/slim">

  <leader>02434ngm a22003615a 4500</leader>
  <controlfield tag="001">1607737</controlfield>
  <controlfield tag="003">CO-ViMGA</controlfield>
  <controlfield tag="005">20230915224422.0</controlfield>
  <controlfield tag="007">vd cvuuru</controlfield>
  <controlfield tag="008">190306s2015    ck     g      s   vlspa d</controlfield>
  <datafield tag="040" ind1=" " ind2=" ">
    <subfield code="a">CO-ViMGA</subfield>
    <subfield code="b">spa</subfield>
    <subfield code="c">CO-ViMGA</subfield>
  </datafield>
  <datafield tag="041" ind1="1" ind2=" ">
    <subfield code="a">spa </subfield>
    <subfield code="h">eng </subfield>
    <subfield code="h">fre</subfield>
  </datafield>
  <datafield tag="082" ind1="0" ind2="4">
    <subfield code="a">791.43 A12t</subfield>
    <subfield code="2">21</subfield>
  </datafield>
  <datafield tag="084" ind1=" " ind2=" ">
    <subfield code="a">DVD10969</subfield>
  </datafield>
  <datafield tag="245" ind1="0" ind2="3">
    <subfield code="a">La tierra y la sombra </subfield>
    <subfield code="h">[videograbaciones] / </subfield>
    <subfield code="c">una pel&#xED;cula de Cesar Acevedo.</subfield>
  </datafield>
  <datafield tag="260" ind1=" " ind2=" ">
    <subfield code="a">[Bogot&#xE1;] : </subfield>
    <subfield code="b">Cineplex : </subfield>
    <subfield code="b">Selecto, </subfield>
    <subfield code="c">2015.</subfield>
  </datafield>
  <datafield tag="300" ind1=" " ind2=" ">
    <subfield code="a">1 DVD (ca. 97 min.) : </subfield>
    <subfield code="b">sonido, color ; </subfield>
    <subfield code="c">12 cm.</subfield>
  </datafield>
  <datafield tag="500" ind1=" " ind2=" ">
    <subfield code="a">Dolby Digital 5.1.</subfield>
  </datafield>
  <datafield tag="500" ind1=" " ind2=" ">
    <subfield code="a">Zona 4.</subfield>
  </datafield>
  <datafield tag="505" ind1="0" ind2="0">
    <subfield code="a">Extras: Detr&#xE1;s de c&#xE1;maras -- Galeria de fotos -- Trailers.</subfield>
  </datafield>
  <datafield tag="508" ind1=" " ind2=" ">
    <subfield code="a">Juan Felipe Rayo, sonido directo ; Producida por Diana Bustamante, Paola P&#x159;ez Nieto, Jorge Forero.</subfield>
  </datafield>
  <datafield tag="520" ind1=" " ind2=" ">
    <subfield code="a">La tierra y la sombra es un retrato intimo del final de un n&#xFA;cleo familiar: una mujer que se niega a renunciar a la tierra por la que lucho t&#x324;oda su vida; un hijo que no puede abandonar a su madre hasta el punto de poner en riesgo su propia existencia; un padre que debe afrontar sus errores del pasado con el fin de recuperar a los seres que abandono;&#x324; una valiente esposa que lucha por salvar a los suyos; un ni&#xF1;o que crece en medio de la devastaci&#xF3;n. Partiendo del microcosmos constituido por esta familia, una peque&#xF1;a casa y un &#xE1;rbol rodeados por un absorbente cultivo de ca&#xF1;a de az&#xFA;car, la pel&#xED;cula nos muestra los &#xFA;ltimos d&#xED;as de estos personajes que intentan reparar los fr&#xE1;giles lazos que los unen ante su inminente desaparici&#xF3;n provocada por el poder avasallador del progreso. De alli s&#x315;e desprende una historia cruel pero densamente poblada de met&#xE1;foras y alegor&#xED;as sobre la cultura, la fatalidad del progreso y el olvido, la fragilidad de la memoria y la inevitabilidad de la ruptura familiar y la soledad que esta provoca.</subfield>
  </datafield>
  <datafield tag="546" ind1=" " ind2=" ">
    <subfield code="a">Audio en espa&#xF1;ol con subtitulos en ingles y franc&#xE9;s.</subfield>
  </datafield>
  <datafield tag="586" ind1=" " ind2=" ">
    <subfield code="a">Cam&#x159;a D'or, Festival de Cannes</subfield>
  </datafield>
  <datafield tag="586" ind1=" " ind2=" ">
    <subfield code="a">Ganadora de 4 premios en el Festival de Cine de Cannes, 2015</subfield>
  </datafield>
  <datafield tag="650" ind1=" " ind2="4">
    <subfield code="a">Cine colombiano</subfield>
    <subfield code="v"> Videodiscos digitales.</subfield>
    <subfield code="9">13857</subfield>
  </datafield>
  <datafield tag="650" ind1=" " ind2="4">
    <subfield code="a">Familia</subfield>
    <subfield code="v"> Videodiscos digitales.</subfield>
    <subfield code="v">DVD</subfield>
    <subfield code="9">13859</subfield>
  </datafield>
  <datafield tag="650" ind1=" " ind2="4">
    <subfield code="a">Mujeres</subfield>
    <subfield code="v"> Videodiscos digitales.</subfield>
    <subfield code="9">13858</subfield>
  </datafield>
  <datafield tag="650" ind1=" " ind2="4">
    <subfield code="a">Padres e hijos</subfield>
    <subfield code="v"> Videodiscos digitales.</subfield>
    <subfield code="9">13860</subfield>
  </datafield>
  <datafield tag="700" ind1="1" ind2=" ">
    <subfield code="a">Acevedo, Cesar Augusto, </subfield>
    <subfield code="d">1987-, </subfield>
    <subfield code="e">director.</subfield>
    <subfield code="9">13861</subfield>
  </datafield>
  <datafield tag="942" ind1=" " ind2=" ">
    <subfield code="2">ddc</subfield>
    <subfield code="c">CD</subfield>
  </datafield>
  <datafield tag="949" ind1=" " ind2=" ">
    <subfield code="a">n            </subfield>
    <subfield code="b">n</subfield>
  </datafield>
  <datafield tag="999" ind1=" " ind2=" ">
    <subfield code="c">11916</subfield>
    <subfield code="d">11916</subfield>
  </datafield>
  <datafield tag="952" ind1=" " ind2=" ">
    <subfield code="0">0</subfield>
    <subfield code="1">0</subfield>
    <subfield code="2">ddc</subfield>
    <subfield code="4">0</subfield>
    <subfield code="7">0</subfield>
    <subfield code="8">001</subfield>
    <subfield code="a">MEVIGACOM</subfield>
    <subfield code="b">MEVIGACOM</subfield>
    <subfield code="d">2019-06-12</subfield>
    <subfield code="g">12160.00</subfield>
    <subfield code="l">0</subfield>
    <subfield code="o">791.43 A12t</subfield>
    <subfield code="p">32925</subfield>
    <subfield code="r">2019-06-12 00:00:00</subfield>
    <subfield code="t">Ej. 2</subfield>
    <subfield code="w">2019-06-12</subfield>
    <subfield code="y">CD</subfield>
  </datafield>
  <datafield tag="952" ind1=" " ind2=" ">
    <subfield code="0">0</subfield>
    <subfield code="1">0</subfield>
    <subfield code="2">ddc</subfield>
    <subfield code="4">0</subfield>
    <subfield code="7">0</subfield>
    <subfield code="8">003</subfield>
    <subfield code="a">MEVIECAR</subfield>
    <subfield code="b">MEVIECAR</subfield>
    <subfield code="d">2019-06-12</subfield>
    <subfield code="g">12160.00</subfield>
    <subfield code="l">0</subfield>
    <subfield code="o">791.43 A12t</subfield>
    <subfield code="p">06.12856</subfield>
    <subfield code="r">2019-06-12 00:00:00</subfield>
    <subfield code="t">Ej. 1</subfield>
    <subfield code="w">2019-06-12</subfield>
    <subfield code="y">CD</subfield>
  </datafield>
</record>
